000 00688nam a2200169 a 4500
001 000021327
005 20200930011312.0
008 100906s1993 dr c r 000 0 spa d
040 _aDO-SdBNP
_bspa
_cBNPHU
082 _a370.1
_bR426s
110 1 _aRepública Dominicana
_bSecretaría de Estado de Educación, Bellas Artes y Cultos
_bPlan Decenal de Educación
_937470
245 1 0 _aReunión consultiva de donadores sobre el plan decenal de educación :
_bplanteamientos principales del plan decenal de educación.
260 _aSanto Domingo :
_bUNESCO,
_c1993.
300 _a55 p. :
_bretrs. ;
_c26 cm.
590 _aInventariado, 2019/BT
650 4 _aEducación
_zRepública Dominicana
_9737
999 _c20827
_d20827